000 01511nam a2200325 c 4500
003 BLK
005 20250326114304.0
008 180412b bul|||||r ||||||| ||bul||
010 _aKNG00004778000
020 _a954-799-377-1
_bиздат.: Евелина Бъчварова
040 _aBLK
041 _aBUL
_cBUL
080 _aРазпространяване на научните знания - популяризиране на науката, занимателна наука, учение за явленията научно необяснени, заблуждения и фалшификации, илюзии и др. п., секретност на научните знания
_b001.9
_x
_z001.9
100 1 _aБъчваров, Стоян Ставрев
_eпърви автор
_9247636
139 _aБъчваров, Стоян Ставрев
_bБ 94
245 1 0 _aРадиестезия за всекиго
_bМоногр.
_cСтоян Ставрев Бъчваров.
257 _aBGR
260 София
_bЕвелина Бъчварова
_c1994
_fВарна : ДФ Бряг принт
300 _a458 с.,
_bпортр., 9 л. ил.
_c20 см
380 _a0
500 _a10 030 тир.
650 4 _aРадиестезия
_9168678
653 _aрадиестезия
852 _aЦб 182360
856 4 _qpdf
_u
856 4 _qpdf
_u
942 _cKNG
_n0
_013
944 _aCR
_c15.01.2003
_lЦветомила Тодорова
_k30576
944 _aED
_c07.12.2012
_lф /
_k
999 _c3671
_d3671